000 01014nam a2200289 a 4500
005 20200104041519.0
008 140226b1997 ck ||||| |||| 00| 0 spa d
040 _aCO-BoIAVH
_cCO-BoIAVH
041 _aspa
044 _ack
090 _aLB
_b01206
111 _aEncuentro de expertos en ciencia y tecnología de los países no alineados
_cCartagena de Indias
_d1997
_942048
245 _aPlan de cooperación científica y tecnológica del movimiento Noal en el área de la biodiversidad
260 _aCartagena
_bEl Encuentro
_c1997
300 _a25 p.
650 _aBiodiversidad
_992204
650 _aSistemas de información
_942050
650 _aConocimiento tradicional
_942051
650 _aConservación de biodiversidad
_9345
650 _aUso sostenible
_9344
650 _aBioprospección
_942054
650 _aBiotecnología
_942055
650 _aInvestigación científica
_942056
650 _aInvestigación tecnológica
_96705
650 _aPaises no alineados
_911346
942 _cINFORME
_2z
999 _c1216
_d1216